|
|
|
|
| LEADER |
01293nam a2200421 4500 |
| 001 |
ocn817829542 |
| 003 |
OCoLC |
| 005 |
20170124071013.2 |
| 006 |
m o d |
| 007 |
cr un|---uuuuu |
| 008 |
121013s2012 xx o 000 0 eng d |
| 040 |
|
|
|a IDEBK
|b eng
|e pn
|c IDEBK
|d OCLCQ
|d CDX
|d OCLCO
|d OCLCF
|d UKDOC
|d DEBBG
|d DG1
|d OCLCQ
|d GrThAP
|
| 019 |
|
|
|a 813536436
|
| 020 |
|
|
|a 9781119207863
|q (electronic bk.)
|
| 020 |
|
|
|a 111920786X
|q (electronic bk.)
|
| 020 |
|
|
|z 1283665107
|
| 020 |
|
|
|z 9781283665100
|
| 020 |
|
|
|z 6613977608
|
| 020 |
|
|
|z 9786613977601
|
| 029 |
1 |
|
|a DEBBG
|b BV041908631
|
| 029 |
1 |
|
|a GBVCP
|b 856570494
|
| 029 |
1 |
|
|a DEBBG
|b BV043395188
|
| 035 |
|
|
|a (OCoLC)817829542
|z (OCoLC)813536436
|
| 050 |
|
4 |
|a HF5415.127
|b .M398 2012eb
|
| 082 |
0 |
4 |
|a 658.8/02
|2 23
|
| 049 |
|
|
|a MAIN
|
| 245 |
0 |
0 |
|a Market Segmentation.
|
| 264 |
|
1 |
|b Wiley
|c 2012.
|
| 300 |
|
|
|a 1 online resource (514 pages)
|
| 336 |
|
|
|a text
|b txt
|2 rdacontent
|
| 337 |
|
|
|a computer
|b c
|2 rdamedia
|
| 338 |
|
|
|a online resource
|b cr
|2 rdacarrier
|
| 650 |
|
0 |
|a Market segmentation.
|
| 650 |
|
7 |
|a Market segmentation.
|2 fast
|0 (OCoLC)fst01010139
|
| 655 |
|
4 |
|a Electronic books.
|
| 720 |
|
|
|a McDonald, Malcolm.
|
| 856 |
4 |
0 |
|u https://doi.org/10.1002/9781119207863
|z Full Text via HEAL-Link
|
| 994 |
|
|
|a 92
|b DG1
|